| 000 | 00000nas 2200000zi 4500 |
| 001 | 9.943306 |
| 003 | CaOODSP |
| 005 | 20241104111905 |
| 006 | m o d f |
| 007 | cr ||||||||||| |
| 008 | 240917d18681970oncar p o f0 a0fre|d |
| 040 | |aCaOODSP|bfre|erda|cCaOODSP |
| 043 | |an-cn--- |
| 086 | 1 |aS1F-PDF |
| 110 | 1 |aCanada.|bMinistère du Secrétariat d'État, |eauteur, |eorganisme de publication. |
| 245 | 10|aRapport du Secrétariat d'État du Canada. |
| 260 | |a[Ottawa] : |bMinistère du Secrétariat d'État, |c[1868-1970] |
| 310 | |aAnnuel |
| 336 | |atexte|btxt|2rdacontent/fre |
| 337 | |ainformatique|bc|2rdamedia/fre |
| 338 | |aressource en ligne|bcr|2rdacarrier/fre |
| 362 | 1 |aParaît depuis : 1868; ne paraît plus après : 1970. |
| 500 | |aPublié aussi en anglais sous le titre : Report of the Secretary of State of Canada. |
| 500 | |aÉdition numérisée de l'imprimée [par Direction des publications du gouvernement du Canada]. |
| 515 | |aL'année d'activité se termine le 31 mars. |
| 610 | 10|aCanada.|bMinistère du Secrétariat d'État|vPériodiques. |
| 651 | 6|aCanada|xPolitique et gouvernement|xPériodiques. |
| 655 | 7|aPériodiques|2rvmgf |
| 775 | 08|tReport of the Secretary of State of Canada.|w(CaOODSP)9.943307 |
| 785 | 00|tRapport annuel pour l'année se terminant le 31 mars ... / |w(CaOODSP)9.943275 |